Understanding history

Bibliographic Details
Main Author: Child, John
Other Authors: Shuter, Paul (text), Taylor, David (text)
Format: Book
Published: Oxford : Heinemann Educational , 1991
Subjects:

MARC

LEADER 00000cam a2200000 7i4500
001 0000002948
002 000003192
005 20000330.0
020 |a 0435312103 
090 0 0 |a 900   |b CHI 
100 1 |a Child, John 
245 0 0 |a Understanding history   |c John Child...(et all.) 
260 |a Oxford :   |b Heinemann Educational ,   |c 1991 
300 |a 128p. ;   |c 28cm. 
650 0 0 |a History 
700 1 |a Shuter, Paul ,   |e text 
700 1 |a Taylor, David ,   |e text 
999 |a 036500   |b BUKU   |c PINJAMAN   |e PERPUSTAKAAN KOMUNITI PETALING JAYA